01034cam a22002651a 4500001001300000003000400013005001700017008004100034010001700075035002000092040002600112042001200138050002200150070002000172072001500192245009400207260005800301300002800359490008300387500010700470650002000577710006900597830008500666999001700751agr57000261 DLC20260227111019.0831111s1957 dcua f000 0 eng  aagr57000261  a(OCoLC)10120003 aDLCcIMolDdDNALdDLC apremarc00aS21b.A46 no. 7400 a1bAg84M no.7400 aE710aQ00400aGrain grading primer /c[prepared by the Grain Division, Agricultural Marketing Service]. aWashington, D.C. :bU.S. Dept. of Agriculture,c1957. a66 p. :bill. ;c24 cm.1 aMiscellaneous publication / United States Department of Agriculture ;vno. 740 aRevision of and supersedes Agriculture handbook no. 59 of the same title by W.B. Combs and F.G. Smith. 0aGrainxGrading.1 aUnited States.bAgricultural Marketing Service.bGrain Division. 0aMiscellaneous publication (United States. Department of Agriculture) ;vno. 740. c11614d11614